000
00298nam a22001337a 4500
008
170503b xxu||||| |||| 00| 0 eng d
020
_a
9781401840334
041
_a
eng
080
_2
4TH
_a
34
100
_a
14
101
_a
SHJ
245
_a
LAW, LIABILITY AND ETHICS
_c
FLIGHT, M
942
_2
udc
_c
BK
999
_c
12492
_d
12492